Normal view
MARC view
- السيوطي، جلال الدين؛ تقديم وتحقيق ونعليق محمد زينهم محمد عزب
Entry Personal Name
001 - CONTROL NUMBER
- control field: 9200
003 - CONTROL NUMBER IDENTIFIER
- control field: JO-AjAnu
005 - DATE AND TIME OF LATEST TRANSACTION
- control field: 20230606071800.0
008 - FIXED-LENGTH DATA ELEMENTS
- fixed length control field: 230606|| aca||aabn | a|a d
040 ## - CATALOGING SOURCE
- Original cataloging agency: JO-AjAnu
- Transcribing agency: JO-AjAnu
100 ## - HEADING--PERSONAL NAME
- Personal name: السيوطي، جلال الدين؛ تقديم وتحقيق ونعليق محمد زينهم محمد عزب
670 ## - SOURCE DATA FOUND
- Source citation: Work cat.: (JO-AjAnu)4745: السيوطي، جلال الدين؛ تقديم وتحقيق ونعليق محمد زينهم محمد عزب, author, كتاب إحياء فضائل أهل البيت المعروف ب إحياء الميت بفضائل أهل البيت